Mika Songs (French Edition) - Statistiques

Statistiques générales
  • Ce quiz a été pris 129 fois
  • Le résultat moyen est 31 sur 71
Statistiques - réponses
Album Titre % Correct
The Origin Of Love (CD 1) Elle Me Dit
89%
Life In Cartoon Motion Relax, Take It Easy
86%
Life In Cartoon Motion Grace Kelly
81%
Life In Cartoon Motion Happy Ending
78%
The Origin Of Love (CD 1) Underwater
77%
Life In Cartoon Motion Big Girl (You Are Beautiful)
76%
No Place In Heaven Boum Boum Boum
74%
Life In Cartoon Motion Lollipop
72%
Life In Cartoon Motion Love Today
67%
The Boy Who Knew Too Much Rain
67%
The Origin Of Love (CD 1) Origin Of Love
66%
The Boy Who Knew Too Much We Are Golden
62%
My Name Is Michael Holbrook Ice Cream
56%
Life In Cartoon Motion Billy Brown
55%
No Place In Heaven Good Guys
55%
My Name Is Michael Holbrook Tiny Love
54%
No Place In Heaven No Place In Heaven
53%
No Place In Heaven Talk About You
53%
My Name Is Michael Holbrook Blue
52%
The Origin Of Love (CD 1) Popular Song
52%
Life In Cartoon Motion My Interpretation
51%
Life In Cartoon Motion Any Other World
50%
No Place In Heaven Staring At The Sun
48%
My Name Is Michael Holbrook Tomorrow
48%
My Name Is Michael Holbrook Paloma
47%
The Origin Of Love (CD 1) Lola
46%
The Boy Who Knew Too Much Blame It On The Girls
44%
The Boy Who Knew Too Much Blue Eyes
44%
No Place In Heaven Hurts
44%
The Boy Who Knew Too Much Dr. John
43%
No Place In Heaven Last Party
43%
The Origin Of Love (CD 1) Emily
41%
No Place In Heavena J'ai Pas Envie
41%
The Boy Who Knew Too Much I See You
40%
My Name Is Michael Holbrook Dear Jealousy
39%
The Origin Of Love (CD 1) Overrated
39%
The Origin Of Love (CD 1) Stardust
39%
Life In Cartoon Motion Stuck In The Middle
39%
The Boy Who Knew Too Much Toy Boy
39%
The Origin Of Love (CD 1) Heroes
38%
No Place In Heaven All She Wants
37%
The Origin Of Love (CD 1) Celebrate
37%
No Place In Heaven Les Baisers Perdus
37%
My Name Is Michael Holbrook Cry
35%
The Origin Of Love (CD 1) Love You When I'm Drunk
35%
My Name Is Michael Holbrook Sanremo
35%
My Name Is Michael Holbrook Platform Ballerinas
34%
No Place In Heaven (Special Edition) Tant Que J'ai Le Soleil
34%
No Place In Heaven Good Wife
33%
The Origin Of Love (CD 2) Karen
32%
The Origin Of Love (CD 1) Step With Me
32%
No Place In Heaven Ordinary Man
31%
The Boy Who Knew Too Much Good Gone Girl
30%
No Place In Heaven (Special Edition) Je Chante
30%
The Origin Of Love (CD 1) Make You Happy
30%
My Name Is Michael Holbrook Ready To Call This Love
30%
The Origin Of Love (CD 1) Kids
29%
No Place In Heaven L'Amour Fait Ce Qu'il Veut
28%
The Boy Who Knew Too Much By The Time
27%
My Name Is Michael Holbrook Tiny Love Reprise
27%
My Name Is Michael Holbrook I Went to Hell Last Night
26%
No Place In Heaven Oh Girl You're The Devil
26%
The Boy Who Knew Too Much One Foot Boy
24%
The Origin Of Love (CD 2) Un Soleil Mal Luné
24%
The Boy Who Knew Too Much Pick Up Off The Floor
23%
The Boy Who Knew Too Much Touches You
23%
The Origin Of Love (CD 2) L'Amour Dans Le Mauvais Temps
21%
The Origin Of Love (CD 2) Tah Dah
21%
My Name Is Michael Holbrook Stay High
20%
No Place In Heaven (Special Edition) Beautiful Disaster
15%
No Place In Heaven (Special Edition) Feels Like Love
13%
Aucun quiz correspondant
Distribution des résultats
% des personnes avec chaque résultat
Percentile par nombre de réponses
Votre historique - résultats
Vous n’avez pas pris ce quiz